01163nas a2200265Ia 4500001001100000003000900011008004100020040001300061040001300074041001300087100004200100210002100142222002100163245008800184250001100272260003300283501008600316300001800402362003400420500016300454650003900617942000700656999001900663952021500682R701/49167IT-RoPAU151124c99999999xx |||||||||||| ||und|| aIT-RoPAU cIT-RoPAU aITALIANO aEco UmbertogCodice Aut. SPICS: 7017 aCARTE SEMIOTICHE aCarte Semiotiche aCARTE SEMIOTICHE, N.00 (OTTOBRE 1984)bEpistola Xiii E L'Allegorismo Medievale (L') a1a ed. aFIRENZEbLA CASA USHERc1984 bPaulus - SPICS - Società San Paolo EM (non-commercial uses only)cCopyright2015 a19 p. [13-31] aANNO 001, N.00 (OTTOBRE 1984) aLectura Dantis Tenuta a Bologna il 10 Maggio 1984. Simbolismo e Allegorismo. Agostino. Sviluppo del Simbolismo Allegorismo Medievale. Tommaso D'Aquino. Dante. aSEMIOTICAvPUBBLICAZIONE PERIODICA cCR c108758d108758 0010406R_701_49167000000000071aSPICSbSPICSd2015-11-25l0oR701/49167r2015-11-25 00:00:00w2015-11-25yCRzProgr. Ins: 87359 / Copia rara: NO / date import: 25.11.2015 / By Epidotti, Trombetti, Vaglietti